Máy công cụ CNC. Giáo trình dùng trong các trường Đại học. /
Nội dung cuốn sách bao gồm :Những vấn đề cơ bản về cấu trúc- Chức năng- Vận hành- Lập trình khai thác nhóm máy phay và tiện CNC.
Đã lưu trong:
| Tác giả chính: | |
|---|---|
| Định dạng: | Sách |
| Ngôn ngữ: | Vietnamese |
| Được phát hành: |
H. :
Khoa học và kỹ thuật ,
1999
|
| Phiên bản: | In lần thứ 1 |
| Những chủ đề: | |
| Các nhãn: |
Thêm thẻ
Không có thẻ, Là người đầu tiên thẻ bản ghi này!
|
| Thư viện lưu trữ: | Thư viện Trường CĐ Kỹ Thuật Cao Thắng |
|---|
| LEADER | 01322nam a2200289 a 4500 | ||
|---|---|---|---|
| 001 | TVCDKTCT871 | ||
| 003 | Thư viện trường Cao đẳng Kỹ thuật Cao Thắng | ||
| 005 | 20170605092559.3 | ||
| 008 | 050804 | ||
| 980 | \ | \ | |a Thư viện Trường CĐ Kỹ Thuật Cao Thắng |
| 024 | |a RG_1 #1 eb0 i1 | ||
| 041 | 0 | # | |a vie |
| 082 | # | # | |a 621.802 8 / |b T100L -m |
| 100 | 1 | # | |a Tạ Duy Liêm |
| 245 | 0 | 0 | |a Máy công cụ CNC. Giáo trình dùng trong các trường Đại học. / |c Tạ Duy Liêm |
| 250 | # | # | |a In lần thứ 1 |
| 260 | # | # | |a H. : |b Khoa học và kỹ thuật , |c 1999 |
| 300 | # | # | |a 132tr. ; |c 20,5cm |
| 520 | # | # | |a Nội dung cuốn sách bao gồm :Những vấn đề cơ bản về cấu trúc- Chức năng- Vận hành- Lập trình khai thác nhóm máy phay và tiện CNC. |
| 520 | # | # | |a Phần thứ hai: Máy tiện điều khiển theo chương trình số |
| 520 | # | # | |a Phần thứ nhất: máy phay điều khiển theo chương trình số. |
| 650 | # | 4 | |a Cơ khí |
| 650 | # | 4 | |a Kỹ thuật cơ khí |
| 650 | # | 4 | |a Máy công cụ CNC |
| 650 | # | 4 | |a Máy phay |
| 721 | # | # | |a CNKT Cơ khí |
| 841 | # | # | |b Kho Sách |j 100002365, 100002366, 100002367, 100002368, 100002369, 100020097 |